Statistics for Nightwish - I Wish I Had An Angel Lyrics

Click here to take the quiz!

General Stats

  • This quiz has been taken 124 times
  • The average score is 17 of 26

Answer Stats

LyricsMissing word% Correct
I ____ I had an angelwish
97%
For one _______ of lovemoment
92%
I wish I had your angel _______tonight
90%
______ angel wings to dustBurning
86%
Deep into a ______ daydying
86%
I wish I had ____ angelyour
86%
I'm in love with my ____lust
83%
I took a step outside an _______ heartinnocent
81%
This _____ will hurt you like never beforenight
78%
Old ____ they die harderlies
75%
Old _____ they die hardloves
74%
Your _____ ____ undoneVirgin Mary
70%
_______ disguise changes all the rulesDrunken
67%
Your _____,touch
66%
Prepare to ____ me fall when I mayhate
65%
first ____kiss
65%
my _____bliss
59%
I'm going down so ____ and cruelfrail
58%
Beauty always comes with dark ______thoughts
58%
Not to ___kill
57%
Last _____,dance
47%
Greatest ____thrill
47%
Wannabe _____friend
43%
13th disciple who ________ me for nothing!betrayed
42%
But to have the _____ of the nightprize
40%
_________Hypocrite
34%

Score Distribution

Percentile by Number Answered

Percent of People with Each Score

Your Score History

You have not taken this quiz